| 000 | 01357nam a2200361 a 4500 | ||
|---|---|---|---|
| 001 | 105194 | ||
| 003 | FlNmELB | ||
| 005 | 20241217173602.0 | ||
| 006 | m o d | | ||
| 007 | cr cn||||||||| | ||
| 008 | 130305s2006 mx |||||s|||||||||||spa d | ||
| 020 | _z9789707223691 | ||
| 035 | _a(MiAaPQ)EBC3206582 | ||
| 035 | _a(Au-PeEL)EBL3206582 | ||
| 035 | _a(CaPaEBR)ebr10638601 | ||
| 035 | _a(OCoLC)1105897761 | ||
| 040 |
_aFlNmELB _bspa _cFlNmELB |
||
| 050 | 4 |
_aP96.P75 _bG964 2006 |
|
| 080 | _a070 | ||
| 082 | 0 | 4 |
_a302.2/34 _222 |
| 100 | 1 | _aGuinsberg, Enrique. | |
| 245 | 1 | 0 |
_aControl de los medios, control del hombre _h[recurso electronico] : _bmedios masivos de difusión y formación psicosocial / _cEnrique Guinsberg. |
| 260 |
_aMéxico D.F. : _bInstituto Politécnico Nacional, _c2006. |
||
| 300 | _a348 p. | ||
| 533 | _aRecurso electrónico. Santa Fe, Arg.: e-libro, 2015. Disponible vía World Wide Web. El acceso puede estar limitado para las bibliotecas afiliadas a e-libro. | ||
| 650 | 4 |
_aMedios de comunicación _xAspectos psicológicos. |
|
| 650 | 4 |
_aMedios de comunicación _xAspectos sociales. |
|
| 650 | 0 |
_aMass media _xPsychological aspects. |
|
| 650 | 0 |
_aMass media _xSocial aspects. |
|
| 655 | 4 | _aLibros electrónicos. | |
| 710 | 2 | _ae-libro, Corp. | |
| 856 | 4 | 0 | _uhttps://elibro.net/ereader/politecnicointernacional/75672 |
| 999 |
_c105194 _d105194 |
||